Top 30 Città più popolose Africa - Statistics

Statistiche generali
  • Questo quiz è stato fatto 91 volte
  • Il punteggio medio è 17 su 30
Statistiche sulle risposte
Popolazione Nazione Città % Corretto
22 183 200 Egitto Il Cairo
99%
5 118 844 Kenya Nairobi
91%
15 387 639 Nigeria Lagos
89%
6 065 354 Sudafrica Johannesburg
86%
5 227 794 Etiopia Addis Abeba
84%
3 326 001 Senegal Dakar
84%
2 853 959 Algeria Algeri
81%
16 315 534 Repubblica Democratica del Congo Kinshasa
81%
3 840 396 Marocco Casablanca
78%
5 483 605 Egitto Alessandria d'Egitto
75%
3 699 900 Madagascar Antananarivo
73%
3 652 029 Nigeria Abuja
72%
8 952 496 Angola Luanda
71%
3 651 919 Uganda Kampala
63%
4 336 670 Camerun Yaoundé
61%
2 816 943 Mali Bamako
59%
3 055 788 Burkina Faso Ouagadougou
58%
3 041 789 Zambia Lusaka
56%
6 160 327 Sudan Khartoum
52%
4 800 954 Sudafrica Cape Town
48%
5 515 790 Costa d'Avorio Abidjan
43%
7 404 689 Tanzania Dar es Salaam
41%
3 3199 329 Sudafrica Durban
32%
9 200 000 Egitto Giza
32%
3 926 645 Camerun Douala
19%
4 219 209 Nigeria Kano
19%
3 630 326 Ghana Kumasi
11%
3 756 445 Nigeria Ibadan
10%
3 324 694 Nigeria Port Harcourt
6%
4 045 000 Sudafrica Ekurhuleni
0%
Nessun quiz corrispondente trovato
Distribuzione punteggi
Percentuale di utenti per punteggio
Percentile per numero di risposta
I tuoi punteggi nel tempo
Non hai fatto questo quiz